Klassnyje druz‘ja 3 : ruština pro 2. stupeň základních škol /

Hlavní autor: Orlova, Natalia
Další autoři: Körschnerová, Jana
Jazyk: Ruština
Čeština
Vydáno: Praha : Klett, [2016]
Vydání: 1. vydání
Témata:
Fyzický popis: 3 svazky : ilustrace (některé barevné) ; 30 cm
Odebírané svazky: učebnice, pracovní sešit, metodická příručka
Knihy
Uloženo v:
LEADER 02831cam a2200673 ia4500
001 cpk20162859781
003 CZ PrNK
005 20250825122113.0
007 ta
008 160916t20162016xr a c pf 000 0 rusod
015 |a cnb002859781 
020 |a 978-80-7397-230-1  |q (učebnice ;  |q brožováno) 
020 |a 978-80-7397-231-8  |q (pracovní sešit ;  |q brožováno) 
020 |a 978-80-7397-232-5  |q (metodická příručka ;  |q brožováno) 
035 |a (OCoLC)982110585 
040 |a PNA001  |b cze  |d ABA001  |d BOA001  |e rda 
041 0 |a rus  |a cze 
072 7 |a 811.161.1  |x Ruština  |2 Konspekt  |9 11 
072 7 |a 37.016  |x Učební osnovy. Vyučovací předměty. Učebnice  |2 Konspekt  |9 22 
080 |a 811.161.1  |2 MRF 
080 |a (075.2)  |2 MRF 
080 |a (076.1)  |2 MRF 
080 |a (07.062)81  |2 MRF 
080 |a (072)  |2 MRF 
100 1 |a Orlova, Natalia  |7 jo2014811057  |4 aut 
245 1 0 |a Klassnyje druz‘ja 3 :  |b ruština pro 2. stupeň základních škol /  |c Natália Orlova, Jana Körschnerová 
246 3 0 |a Ruština pro 2. stupeň základních škol 
250 |a 1. vydání 
264 1 |a Praha :  |b Klett,  |c [2016] 
264 4 |c ©2016 
300 |a 3 svazky :  |b ilustrace (některé barevné) ;  |c 30 cm 
336 |a text  |b txt  |2 rdacontent 
336 |a mluvené slovo  |b spw  |2 rdacontent 
337 |a bez média  |b n  |2 rdamedia 
337 |a audio  |b s  |2 rdamedia 
338 |a svazek  |b nc  |2 rdacarrier 
338 |a audiodisk  |b sd  |2 rdacarrier 
500 |a V roce 2023 dotisk učebnice 
505 0 |a Učebnice. 103 stran -- Pracovní sešit. 95 stran -- Metodická příručka. 139 stran + 1 CD-audio 
521 8 |a Jazyková úroveň: A1+ 
650 0 7 |a ruština  |7 ph125351  |2 czenas 
650 0 9 |a Russian language  |2 eczenas 
653 0 |a jazyková úroveň A1 
655 7 |a učebnice základních škol  |7 fd133773  |2 czenas 
655 7 |a pracovní sešity  |7 fd133116  |2 czenas 
655 7 |a jazykové učebnice, texty, příručky (A)  |7 fd600889  |2 czenas 
655 7 |a metodické příručky  |7 fd132826  |2 czenas 
655 9 |a textbooks (elementary)  |2 eczenas 
655 9 |a activity books  |2 eczenas 
655 9 |a language textbooks, texts, handbooks (A)  |2 eczenas 
655 9 |a methodological manuals  |2 eczenas 
700 1 |a Körschnerová, Jana  |7 xx0189443  |4 aut 
910 2 |a BOA001  |b 4-1381.730  |s učebnice, pracovní sešit, metodická příručka 
990 |a BK 
995 |a 01 
991 |b 201807  |c NOV 
996 6 |b 2610697619  |c 4-1381.730  |d 1, učebnice  |v 1  |l MZK  |r Sklad / do 1 hodiny  |n 1  |p p.v.  |w 001600018  |u 000010  |a 1  |e BOA001  |j MZK50  |s P 
996 6 |b 2610697620  |c 4-1381.730  |d 2, pracovní sešit  |v 2  |l MZK  |r Sklad / do 1 hodiny  |n 1  |p p.v.  |w 001600018  |u 000020  |a 1  |e BOA001  |j MZK50  |s P 
996 6 |b 2610749153  |c 4-1381.730  |d 3, metodická příručka  |v 3  |l MZK  |r Sklad / do 1 hodiny  |n 0  |p p.v.  |w 001600018  |u 000030  |a 1  |e BOA001  |j MZK50  |s P